[Event "Politiken Cup"]
[Site "Helsingor DEN"]
[Date "2009.07.22"]
[Round "6"]
[White "Rasmussen,A"]
[Black "Bruehl,A"]
[Result "1/2-1/2"]
[WhiteElo "2536"]
[BlackElo "2360"]
[EventDate "2009.07.18"]

1. d4 d5 2. c4 c6 3. Nf3 Nf6 4. e3 Bf5 5. Nc3 e6 6. Nh4 Bg6 7. Be2 Nbd7 8.
O-O Bd6 9. g3 a6 10. Bd2 b5 11. b3 O-O 12. Nxg6 hxg6 13. Qc2 Rc8 14. c5 Bc7
15. f4 Ba5 16. Nb1 Ne4 17. b4 Bc7 18. a4 f5 19. axb5 axb5 20. Ra6 Bb8 21.
Nc3 Nxc3 22. Qxc3 Nf6 23. Bf3 g5 24. h3 Qe8 25. Qc2 Qg6 26. Kf2 Qh6 27. Rh1
gxf4 28. exf4 g5 29. fxg5 Ne4+ 30. Kg2 Qg7 31. h4 Qxd4 32. Be1 f4 33. Rf1
fxg3 34. Ra3 Rf5 35. Bg4 Rxf1 36. Bxe6+ Kg7 37. Kxf1 Rf8+ 38. Kg2 Nd2 39.
Qc3 Qxc3 40. Rxc3 Ne4 41. Re3 Rf4 42. Bd7 Rxh4 43. Bxc6 Bf4 44. Rd3 Rh2+
45. Kg1 Re2 46. Bc3+ Nxc3 47. Rxc3 d4 48. Ra3 Be3+ 49. Kf1 Rf2+ 50. Ke1 g2
51. Ra7+ Kf8 52. Ra8+ Ke7 53. Re8+ Kf7 54. g6+ Kg7 55. Bxg2 Rxg2 56. Re6
Rc2 57. Rd6 Rc4 58. Ke2 Rxb4 59. Rb6 Rb3 60. Kf3 Bg5+ 61. Ke4 d3 62. Kf5
Be7 63. Rb7 Kf8 64. Rb8+ Kg7 65. Rb7 Kf8 66. Rb8+ Kg7 1/2-1/2

[Event "Politiken Cup"]
[Site "Helsingor DEN"]
[Date "2009.07.22"]
[Round "6"]
[White "Alsina Leal,D"]
[Black "Larsen,Ka"]
[Result "1-0"]
[WhiteElo "2529"]
[BlackElo "2337"]
[EventDate "2009.07.18"]

1. e4 g6 2. d4 c6 3. Nc3 d5 4. h3 Bg7 5. Nf3 Nf6 6. Bd3 dxe4 7. Nxe4 Nxe4
8. Bxe4 Bf5 9. Bxf5 Qa5+ 10. Bd2 Qxf5 11. O-O O-O 12. Re1 Re8 13. Bb4 Bf6
14. c4 Na6 15. Bc3 Rad8 16. Qa4 Qc8 17. Ne5 Bg7 18. Rad1 e6 19. Qc2 Nb8 20.
Qa4 Na6 21. Ba5 Rd6 22. Qa3 c5 23. Qe3 cxd4 24. Rxd4 Rxd4 25. Qxd4 Qc5 26.
Qd7 Qe7 27. Qb5 Rc8 28. Bc3 Qc7 29. Bd4 Nb8 30. Qb3 b6 31. Qf3 Nc6 32. Nxc6
Qxc6 33. Qxc6 Rxc6 34. Bxg7 Kxg7 35. b3 Rd6 36. Re2 Rd1+ 37. Kh2 Kf6 38.
Kg3 e5 39. Kf3 Ke6 40. Ke3 f5 41. Rc2 Ra1 42. Rd2 g5 43. f3 h5 44. Kd3 Re1
45. Re2 Rc1 46. b4 Kd6 47. Rc2 Rd1+ 48. Kc3 Ke6 49. Re2 Rc1+ 50. Kb3 Kd6
51. Rd2+ Ke6 52. Rc2 Rg1 53. c5 bxc5 54. bxc5 Kd5 55. c6 Rb1+ 56. Ka4 Rb8
57. c7 Rc8 58. Kb5 Kd6 59. Rc6+ Kd5 60. a4 e4 61. fxe4+ fxe4 62. a5 e3 63.
Rc1 e2 64. Re1 Rxc7 65. Rxe2 Kd4 66. Ka6 Rf7 67. Re6 Rf2 68. Kxa7 Rxg2 69.
a6 Rg3 70. Kb7 Rf3 71. a7 Rf7+ 72. Ka6 Rf8 73. Rb6 Rf3 74. Rb4+ Kc5 75.
Rb5+ Kc6 76. a8=Q+ 1-0

[Event "Politiken Cup"]
[Site "Helsingor DEN"]
[Date "2009.07.22"]
[Round "6"]
[White "Schandorff,L"]
[Black "Rostgaard,T"]
[Result "1-0"]
[WhiteElo "2510"]
[BlackElo "2051"]
[EventDate "2009.07.18"]

1. d4 Nf6 2. c4 e6 3. Nf3 b6 4. g3 Bb7 5. Bg2 Be7 6. Nc3 O-O 7. Qc2 d5 8.
cxd5 Nxd5 9. O-O Nd7 10. Rd1 Bd6 11. e4 Nxc3 12. bxc3 Re8 13. e5 Be7 14.
Ng5 Bxg5 15. Bxb7 Rb8 16. Bxg5 Qxg5 17. Bc6 Red8 18. Qa4 Nf8 19. Qxa7 Qe7
20. Rab1 Rdc8 21. Qa4 Ng6 22. Qc2 Qd8 23. c4 Ne7 24. Be4 g6 25. d5 exd5 26.
cxd5 Qd7 27. Qe2 Rd8 28. Qf3 1-0

[Event "Politiken Cup"]
[Site "Helsingor DEN"]
[Date "2009.07.22"]
[Round "6"]
[White "Carlstedt,J"]
[Black "Tazbir,M"]
[Result "1/2-1/2"]
[WhiteElo "2309"]
[BlackElo "2500"]
[EventDate "2009.07.18"]

1. c4 e5 2. g3 Nc6 3. Bg2 f5 4. Nc3 Nf6 5. d3 Bb4 6. Bd2 O-O 7. Nh3 d6 8.
Nd5 Bxd2+ 9. Qxd2 Nxd5 10. Bxd5+ Kh8 11. f4 Qe8 12. O-O-O Rb8 13. Qc3 Nd4
14. Rhe1 Qh5 15. Ng1 c6 16. fxe5 dxe5 17. e3 cxd5 18. exd4 f4 19. Rxe5 Qxh2
20. gxf4 Qxf4+ 21. Qd2 Qxd4 22. Rxd5 Qf6 23. Ne2 Be6 24. Rd4 b5 25. Rf4 Qd8
26. Nd4 Bd7 27. Rdf1 1/2-1/2

[Event "Politiken Cup"]
[Site "Helsingor DEN"]
[Date "2009.07.22"]
[Round "6"]
[White "Nielsen,Ni"]
[Black "Sethuraman,S"]
[Result "0-1"]
[WhiteElo "2145"]
[BlackElo "2455"]
[EventDate "2009.07.18"]

1. e4 e5 2. Nf3 Nc6 3. Bb5 a6 4. Ba4 Nf6 5. O-O Be7 6. Re1 b5 7. Bb3 d6 8.
c3 O-O 9. h3 Bb7 10. d4 Re8 11. Ng5 Rf8 12. Nf3 h6 13. a4 Re8 14. Nbd2 Bf8
15. Bc2 Qd7 16. d5 Ne7 17. Nf1 c6 18. dxc6 Bxc6 19. a5 Ng6 20. Ng3 Qb7 21.
Qe2 Nf4 22. Qf1 g6 23. Kh2 Qc7 24. c4 Bd7 25. b3 Be6 26. Nd4 exd4 27. Bxf4
bxc4 28. bxc4 Bxc4 29. Bd3 Bxd3 30. Qxd3 Nd7 31. Rac1 Qxa5 32. Qxd4 Ne5 33.
Bd2 Qb5 34. f4 Qd3 35. Qf2 Nd7 36. Bc3 Rac8 37. Red1 Qc4 38. e5 Qa4 39. Qd2
dxe5 40. Qxd7 Qxd7 41. Rxd7 exf4 42. Nf1 Bg7 43. Rd3 Re6 44. Nd2 Re3 45.
Bb2 Rb8 46. Bxg7 Rxd3 47. Bxh6 Kh7 48. Bxf4 Rb4 49. Rf1 f6 50. h4 a5 51. g3
a4 52. Rc1 Rxf4 53. gxf4 Rxd2+ 54. Kg3 Rd3+ 55. Kg2 Kh6 56. Rc4 a3 57. f5
gxf5 58. Ra4 Rd2+ 59. Kf3 Ra2 60. Ra5 Ra1 61. Kg2 a2 62. h5 f4 63. Ra6 f3+
64. Kh2 Kxh5 65. Ra5+ Kg6 0-1

[Event "Politiken Cup"]
[Site "Helsingor DEN"]
[Date "2009.07.22"]
[Round "6"]
[White "Antonsen,M"]
[Black "Johansson,Th1"]
[Result "1/2-1/2"]
[WhiteElo "2438"]
[BlackElo "2208"]
[EventDate "2009.07.18"]

1. d4 f5 2. Nc3 Nf6 3. Bg5 d5 4. Bxf6 exf6 5. e3 Be6 6. Bd3 Qd7 7. Qf3 Nc6
8. a3 g6 9. Nge2 Ne7 10. O-O-O c6 11. h4 h5 12. Qg3 Bf7 13. Kb1 Nc8 14. f3
Nd6 15. e4 dxe4 16. fxe4 fxe4 17. Nxe4 Nxe4 18. Bxe4 Bd6 19. Qd3 f5 20. Bf3
O-O 21. d5 c5 22. g3 b5 23. Nf4 a5 24. Ne6 b4 25. Nxf8 Rxf8 26. c4 Rb8 27.
axb4 axb4 28. Rhe1 b3 29. Re6 Bxg3 30. Bxh5 Bf4 31. Qf3 Bh6 32. Qg3 f4 33.
Rxg6+ Kf8 34. Qd3 Bxg6 35. Qxg6 Bg7 36. Rf1 Be5 37. Re1 Rb6 38. Qe4 Qh3 39.
Bf3 Qh2 40. Qe2 Qxe2 41. Rxe2 Rg6 42. Rg2 Rg3 43. Rxg3 fxg3 44. Kc1 Bf4+
45. Kd1 Ke7 46. Ke2 Bc1 47. Kf1 Bxb2 48. Bd1 Bf6 49. Bxb3 Bxh4 50. Kg2 Kd6
51. Ba4 Ke5 1/2-1/2

[Event "Politiken Cup"]
[Site "Helsingor DEN"]
[Date "2009.07.22"]
[Round "6"]
[White "Pedersen,Stef"]
[Black "Seegert,K"]
[Result "1-0"]
[WhiteElo "2435"]
[BlackElo "2103"]
[EventDate "2009.07.18"]

1. d4 Nf6 2. c4 c5 3. d5 b5 4. Nf3 e6 5. dxe6 fxe6 6. cxb5 a6 7. e4 Nxe4 8.
Bd3 Nf6 9. Ng5 Qc7 10. O-O Bd6 11. f4 O-O 12. Nc3 Bb7 13. Qe2 Qb6 14. Kh1
axb5 15. Nxb5 Ba6 16. Bd2 Bxb5 17. Bxb5 Nc6 18. Bc3 Rab8 19. Bd3 Nd4 20.
Qe1 h6 21. Ne4 Be7 22. Nd2 Qc6 23. Nc4 Bd6 24. Rd1 Qc7 25. Qg3 Be7 26. Qg6
Qd8 27. f5 Qe8 28. fxe6 Qxg6 29. Bxg6 Nxe6 30. b3 Ra8 31. Bb1 Rfd8 32. Ne5
Nf8 33. Rfe1 Re8 34. Nc4 d5 35. Nb6 Rad8 36. Bf5 d4 37. Bd2 Nd5 38. Nxd5
Rxd5 39. Bd3 Rd6 40. Bb5 Nd7 41. Bf4 Rd5 42. Bc6 1-0

[Event "Politiken Cup"]
[Site "Helsingor DEN"]
[Date "2009.07.22"]
[Round "6"]
[White "Gandrud,V"]
[Black "Kristiansen,Jen"]
[Result "1/2-1/2"]
[WhiteElo "2169"]
[BlackElo "2435"]
[EventDate "2009.07.18"]

1. d4 f5 2. e4 fxe4 3. Nc3 Nf6 4. Bg5 Nc6 5. d5 Ne5 6. Qe2 c6 7. O-O-O cxd5
8. f4 Nf7 9. Bxf6 gxf6 10. Rxd5 e6 11. Qxe4 Qe7 12. Rh5 f5 13. Qf3 Bg7 14.
Nge2 Rb8 15. g4 b6 16. Rg1 Bb7 17. Qg3 fxg4 18. Qxg4 Bf6 19. Rxh7 Rxh7 20.
Qg8+ Qf8 21. Qxh7 Ke7 22. Bg2 Bxg2 23. Rxg2 Qh8 24. Qe4 Qh5 25. Qd3 Nd6 26.
Ng3 Qc5 27. Nce4 Nxe4 28. Nxe4 Qd4 29. Qa3+ Kf7 30. Nd6+ Kf8 31. Ne4+ Kf7
32. Nd6+ Kf8 33. Ne4+ 1/2-1/2

[Event "Politiken Cup"]
[Site "Helsingor DEN"]
[Date "2009.07.22"]
[Round "6"]
[White "Semcesen,D"]
[Black "Nguyen,Mi"]
[Result "1-0"]
[WhiteElo "2418"]
[BlackElo "2196"]
[EventDate "2009.07.18"]

1. c4 Nf6 2. Nc3 e6 3. Nf3 Bb4 4. g4 h6 5. a3 Bxc3 6. bxc3 b6 7. Rg1 Bb7 8.
e3 d6 9. d3 Qe7 10. h4 Nc6 11. Be2 O-O-O 12. Qc2 e5 13. e4 Nd7 14. Be3 Rde8
15. Rb1 Nc5 16. h5 Nd8 17. Nd2 Kb8 18. f3 Nde6 19. d4 Nd7 20. a4 a5 21. Nb3
c5 22. Qb2 Nd8 23. d5 Ka8 24. Kd2 Bc8 25. Na1 f6 26. Nc2 Ba6 27. Bf2 Nf7
28. Ne3 Qd8 29. Nf5 Rhg8 30. Be3 Qc7 31. Bf1 Ng5 32. Rg3 Ka7 33. Bd3 Bc8
34. Qb5 Bb7 35. Rb2 Ka8 36. Be2 Ka7 37. Rg1 Ba8 38. Rgb1 Bb7 39. Bf2 Ba8
40. Be3 Bb7 41. Ng3 Nf7 42. Bf1 Ng5 43. Bg2 Ba8 44. Ne2 Rb8 45. Qb3 Rge8
46. Qd1 Bb7 47. Ng3 Ba6 48. Bf1 Nf8 49. Nf5 Bc8 50. Ng3 Ba6 51. Ke1 Qd8 52.
Nf5 Qc7 53. Be2 Bc8 54. Ng3 Ba6 55. Kf1 Nd7 56. Kg2 Bc8 57. Rb5 Ba6 58.
R5b3 Nf8 59. Qg1 Bc8 60. Qf2 Bd7 61. Ra1 Bc8 62. Rb2 Bd7 63. Bd1 Bc8 64.
Rab1 Ba6 65. Nf5 Rec8 66. Be2 Rd8 67. Bd3 Bc8 68. Nxd6 Rxd6 69. Bxc5 Nd7
70. Be3 Rb7 71. Rb5 Kb8 72. c5 Nxc5 73. Bxc5 bxc5 74. Rxc5 Qd8 75. Rcb5 Nf7
76. c4 Rdd7 77. c5 Re7 78. Bc4 Ka8 79. d6 Nxd6 80. cxd6 Qxd6 81. Bd5 Kb8
82. Bxb7 Rxb7 83. Rxa5 Kc7 84. Qc5+ 1-0

[Event "Politiken Cup"]
[Site "Helsingor DEN"]
[Date "2009.07.22"]
[Round "6"]
[White "Hvenekilde,J"]
[Black "Mikkelsen,N"]
[Result "0-1"]
[WhiteElo "2179"]
[BlackElo "2399"]
[EventDate "2009.07.18"]

1. d4 Nf6 2. Nf3 g6 3. c4 Bg7 4. Nc3 O-O 5. e4 d6 6. Be2 e5 7. O-O Nc6 8.
d5 Ne7 9. Ne1 Nd7 10. Nd3 f5 11. Bd2 Nf6 12. f3 f4 13. c5 g5 14. cxd6 cxd6
15. Nf2 Ng6 16. Qc2 h5 17. h3 Rf7 18. Rfc1 Ne8 19. a4 Nh4 20. Ra3 g4 21.
fxg4 f3 22. gxf3 Nxf3+ 23. Bxf3 Rxf3 24. g5 Bxh3 25. Nxh3 Rxh3 26. Nd1 Rxa3
27. bxa3 Bf8 28. Nf2 Be7 29. Nh3 Qb6+ 30. Kg2 Ng7 31. Qc3 Qd8 32. Qc7 Qe8
33. a5 h4 34. Qc2 Qd7 35. Qd1 Rf8 36. Qe2 Bd8 37. Nf2 Qa4 38. Ng4 Qxa3 39.
Qe3 Qb2 40. Kh3 Nh5 41. Kxh4 Nf4 42. Rg1 Kg7 43. Nh6 Bxa5 44. Nf5+ Rxf5 45.
exf5 Bxd2 46. f6+ Kf8 47. Qxa7 Be1+ 48. Kg4 Qe2+ 49. Kf5 Qd3+ 50. Kg4 Qh3+
0-1

[Event "Politiken Cup"]
[Site "Helsingor DEN"]
[Date "2009.07.22"]
[Round "6"]
[White "Bulski,K"]
[Black "Engelbert,C"]
[Result "1/2-1/2"]
[WhiteElo "2392"]
[BlackElo "2185"]
[EventDate "2009.07.18"]

1. e4 g6 2. d4 Bg7 3. Nc3 d6 4. f4 Nc6 5. Nf3 Bg4 6. Be3 Bxf3 7. gxf3 d5 8.
exd5 Nb4 9. f5 Nxd5 10. Nxd5 Qxd5 11. fxg6 hxg6 12. Bd3 O-O-O 13. c3 Nh6
14. Be4 Qd7 15. Qb3 c6 16. O-O-O Nf5 17. Bf2 Bh6+ 18. Kb1 Be3 19. Bg3 Nxg3
20. hxg3 e6 21. Qc2 Bg5 22. Qf2 Kb8 23. f4 Bf6 24. g4 Qc7 25. Qf3 Rxh1 26.
Rxh1 Rh8 27. Re1 a6 28. a3 Rh2 29. Bc2 Bh4 30. Rf1 Bf6 31. Qg3 Rh8 32. Qe3
Rh4 33. Qg3 Rh8 34. Qg2 Be7 35. Qf3 Bf6 36. Bb3 Rh2 37. Qg3 Rh8 38. Qe3 Rh2
39. Rf3 Rh4 40. f5 gxf5 41. gxf5 e5 42. dxe5 Bxe5 43. Qg5 Rf4 44. Rxf4 Bxf4
45. Qg8+ Ka7 46. Bc2 1/2-1/2

[Event "Politiken Cup"]
[Site "Helsingor DEN"]
[Date "2009.07.22"]
[Round "6"]
[White "Rantanen,Y"]
[Black "Skjoldager,F"]
[Result "1-0"]
[WhiteElo "2376"]
[BlackElo "1997"]
[EventDate "2009.07.18"]

1. e4 c6 2. d4 d5 3. exd5 cxd5 4. c4 Nf6 5. Nc3 e6 6. cxd5 Nxd5 7. Bd3 Be7
8. Nf3 Nc6 9. O-O O-O 10. Re1 Bf6 11. Be4 Nce7 12. Qd3 h6 13. Ne2 Nf5 14.
Ne5 Bxe5 15. dxe5 Nde7 16. Qc2 Rb8 17. g4 Nh4 18. Rd1 Bd7 19. Nd4 a6 20. f4
Qc8 21. Qf2 Neg6 22. f5 exf5 23. gxf5 Nxe5 24. Qxh4 Bxf5 25. Bxf5 Qxf5 26.
Nxf5 1-0

[Event "Politiken Cup"]
[Site "Helsingor DEN"]
[Date "2009.07.22"]
[Round "6"]
[White "Aabling Thomsen,J"]
[Black "Brondum,E"]
[Result "1/2-1/2"]
[WhiteElo "2344"]
[BlackElo "2122"]
[EventDate "2009.07.18"]

1. e4 c5 2. Nf3 d6 3. d4 cxd4 4. Nxd4 Nf6 5. Nc3 g6 6. Bg5 Bg7 7. Qd2 h6 8.
Bh4 Nc6 9. O-O-O Nxd4 10. Qxd4 O-O 11. Bc4 Qa5 12. Rhe1 Ng4 13. Qd2 g5 14.
Bg3 Ne5 15. Bb3 Be6 16. Nd5 Qxd2+ 17. Rxd2 Bxd5 18. Rxd5 Rfc8 19. h4 Rc7
20. hxg5 hxg5 21. Rh1 Bf6 22. Rh5 Kg7 23. Bxe5 dxe5 24. Rd1 Rac8 25. Rdh1
e6 26. R1h3 b5 27. Rh7+ Kg8 28. R7h6 Bg7 29. R6h5 Bf6 30. c3 b4 31. Kd2
bxc3+ 32. Rxc3 Rxc3 33. bxc3 Bd8 34. Kc2 Be7 35. Kb2 Kg7 36. Rh1 Bc5 37. f3
Kf6 38. Rd1 g4 39. fxg4 Rg8 40. Rf1+ Ke7 41. Bd1 Rb8+ 42. Bb3 Rg8 43. Bd1
Rb8+ 44. Bb3 1/2-1/2

[Event "Politiken Cup"]
[Site "Helsingor DEN"]
[Date "2009.07.22"]
[Round "6"]
[White "Arvola,B"]
[Black "Andersen,Mad"]
[Result "1-0"]
[WhiteElo "2144"]
[BlackElo "2336"]
[EventDate "2009.07.18"]

1. e4 c5 2. Nf3 e6 3. c3 Nf6 4. e5 Nd5 5. Bc4 d6 6. O-O Nb6 7. Bb3 Nc6 8.
exd6 Bxd6 9. Na3 O-O 10. d4 cxd4 11. Nb5 d3 12. Nxd6 Qxd6 13. Ng5 e5 14.
Ne4 Qg6 15. Qxd3 Rd8 16. Qf3 Be6 17. Nc5 Bxb3 18. axb3 Rab8 19. Be3 Nd5 20.
Rad1 Nxe3 21. Qxe3 Rxd1 22. Rxd1 b6 23. Ne4 Qe6 24. b4 Rd8 25. Rxd8+ Nxd8
26. Qd3 Qe7 27. Qd5 Kf8 28. Nd6 Qd7 29. h3 f6 30. c4 Nc6 31. b5 Na5 32. b4
Nb3 33. c5 Nd4 34. Qa8+ Ke7 35. Qg8 bxc5 36. Nc8+ 1-0

[Event "Politiken Cup"]
[Site "Helsingor DEN"]
[Date "2009.07.22"]
[Round "6"]
[White "Burmeister,R"]
[Black "Karlsson,J"]
[Result "1-0"]
[WhiteElo "2333"]
[BlackElo "2118"]
[EventDate "2009.07.18"]

1. e4 g6 2. d4 Bg7 3. Nc3 a6 4. Nf3 d6 5. Be3 b5 6. Bd3 Bb7 7. Ne2 Nf6 8.
Ng3 Ng4 9. Bd2 h5 10. h3 h4 11. Nf1 Nf6 12. Qe2 e5 13. dxe5 dxe5 14. Bg5
Nc6 15. c3 Qd6 16. Bxh4 O-O-O 17. O-O-O b4 18. Bxf6 Bxf6 19. Ne3 bxc3 20.
Bxa6 Qc5 21. Nd5 cxb2+ 22. Kb1 Rd6 23. Bxb7+ Kxb7 24. Rd3 Nd4 25. Qxb2+ Qb5
26. Qxb5+ Nxb5 27. Rb3 c6 28. Nxf6 Rxf6 29. a4 Re6 30. Rd1 f5 31. exf5 gxf5
32. axb5 c5 33. Rd5 c4 34. Rc3 e4 35. Ng5 Rg6 36. Nf7 Rf8 37. Nd6+ Kb6 38.
Nxc4+ Kb7 39. Rd7+ Kb8 40. Nd6 1-0

[Event "Politiken Cup"]
[Site "Helsingor DEN"]
[Date "2009.07.22"]
[Round "6"]
[White "Carstensen,J"]
[Black "Ochsner,B"]
[Result "0-1"]
[WhiteElo "2330"]
[BlackElo "2119"]
[EventDate "2009.07.18"]

1. d4 Nf6 2. c4 g6 3. Nc3 Bg7 4. e4 d6 5. Nf3 O-O 6. Be2 e5 7. O-O Na6 8.
Be3 Ng4 9. Bg5 Qe8 10. h3 f6 11. Bd2 Nh6 12. dxe5 dxe5 13. Be3 c6 14. Qc2
f5 15. exf5 gxf5 16. Rad1 Qg6 17. c5 Nf7 18. Bc4 Kh8 19. Qb3 e4 20. Nh4 Qf6
21. f4 Qe7 22. Bxf7 Rxf7 23. Rd8+ Rf8 24. Rxf8+ Bxf8 25. Ne2 Be6 26. Bd4+
Bg7 27. Qc3 Rd8 28. Rd1 Kg8 29. g3 Nxc5 30. Qa3 b6 31. Kh2 Qf7 32. Ng2 Bc4
33. Bxg7 Rxd1 34. Nc3 Rd2 35. Nb1 Rxg2+ 36. Kxg2 Qxg7 37. b4 Nd3 38. Nd2
Qb2 0-1

[Event "Politiken Cup"]
[Site "Helsingor DEN"]
[Date "2009.07.22"]
[Round "6"]
[White "Matthiesen,A"]
[Black "Nielsen,JanM"]
[Result "1/2-1/2"]
[WhiteElo "2324"]
[BlackElo "2115"]
[EventDate "2009.07.18"]

1. d4 d5 2. Nf3 Nf6 3. c4 c6 4. e3 Bf5 5. Nc3 e6 6. Nh4 Bg6 7. Nxg6 hxg6 8.
a3 Qc7 9. g3 a5 10. Bg2 Nbd7 11. b3 Be7 12. Bb2 Rc8 13. Rc1 Qb8 14. Qe2 O-O
15. O-O Rfe8 16. f4 Red8 17. g4 Nf8 18. g5 N6h7 19. h4 f5 20. h5 b6 21.
hxg6 Nxg6 22. cxd5 cxd5 23. Qh5 Kf7 24. Nb5 Rxc1 25. Rxc1 Rh8 26. Rc7 Nhf8
27. Qe2 Kg8 28. Qc2 Qd8 29. Rc8 Qd7 30. Qc6 Kf7 31. Rc7 Qxc6 32. Rxc6 Nd7
33. Bf1 Rb8 34. Rc7 Ke8 35. Na7 Kd8 36. Rc6 Ngf8 37. Kf2 Ra8 38. Nb5 Rc8
39. Na7 Ra8 40. Nb5 Rc8 41. Rxc8+ Kxc8 42. Bd3 1/2-1/2

[Event "Politiken Cup"]
[Site "Helsingor DEN"]
[Date "2009.07.22"]
[Round "6"]
[White "Petersen,To1"]
[Black "Kaaber,J"]
[Result "1-0"]
[WhiteElo "2310"]
[BlackElo "2184"]
[EventDate "2009.07.18"]

1. g3 d5 2. Bg2 e5 3. d3 c6 4. Nf3 Bd6 5. O-O Nf6 6. Nbd2 O-O 7. e4 Re8 8.
c3 Nbd7 9. Qc2 dxe4 10. dxe4 Qc7 11. b3 a5 12. a4 b6 13. Rd1 Ba6 14. Bf1
Bxf1 15. Nxf1 Nc5 16. Re1 Ne6 17. Ne3 Bc5 18. Nc4 Nd7 19. Kg2 Rad8 20. Re2
f6 21. Ne1 Bf8 22. Be3 Bc5 23. Bd2 Bf8 24. Be3 Bc5 25. Nd3 Bxe3 26. Nxe3
Ndc5 27. Nxc5 Nxc5 28. b4 Ne6 29. Qb3 Kh8 30. Rb2 g6 31. bxa5 bxa5 32. Qc4
Nf8 33. Rab1 Nd7 34. Rb7 Qd6 35. Rd1 1-0

[Event "Politiken Cup"]
[Site "Helsingor DEN"]
[Date "2009.07.22"]
[Round "6"]
[White "Bach,Mat"]
[Black "Molvig,H"]
[Result "1-0"]
[WhiteElo "2307"]
[BlackElo "2176"]
[EventDate "2009.07.18"]

1. d4 d5 2. c4 c6 3. Nc3 Nf6 4. Nf3 a6 5. g3 Bf5 6. Bg2 e6 7. O-O Be7 8. c5
O-O 9. Nh4 Bg4 10. f4 Ne4 11. Nf3 Bxf3 12. exf3 Nxc3 13. bxc3 b6 14. cxb6
Qxb6 15. Re1 Bd6 16. f5 exf5 17. Bh3 f4 18. gxf4 Qc7 19. Kh1 Nd7 20. Qd3
Nf6 21. Qf5 h6 22. Rg1 Kh8 23. Bd2 Rfe8 24. Rxg7 Kxg7 25. Rg1+ Kf8 26. Qxf6
Re2 27. Qxh6+ Ke7 28. Qh4+ Ke8 29. Bf1 Be7 30. Qh8+ Kd7 31. Bh3+ Kd6 32.
Qe5+ 1-0

[Event "Politiken Cup"]
[Site "Helsingor DEN"]
[Date "2009.07.22"]
[Round "6"]
[White "Jensen,Mi"]
[Black "Bejtovic,J"]
[Result "1/2-1/2"]
[WhiteElo "2044"]
[BlackElo "2307"]
[EventDate "2009.07.18"]

1. e4 c5 2. Nf3 Nc6 3. d4 cxd4 4. c3 d3 5. Bxd3 g6 6. O-O Bg7 7. Be3 Nf6 8.
h3 O-O 9. Na3 d5 10. exd5 Nxd5 11. Bc1 e5 12. Be4 Nf4 13. Bxf4 exf4 14.
Qxd8 Rxd8 15. Rfd1 Be6 16. Ng5 Rxd1+ 17. Rxd1 Bxa2 18. Rd7 Bf6 19. Rxb7
Bxg5 20. Bxc6 Rd8 21. Rd7 Rxd7 22. Bxd7 f3 23. Nb5 a5 1/2-1/2

[Event "Politiken Cup"]
[Site "Helsingor DEN"]
[Date "2009.07.22"]
[Round "6"]
[White "Jacobsen,Bo"]
[Black "Kaster,M"]
[Result "1-0"]
[WhiteElo "2303"]
[BlackElo "2154"]
[EventDate "2009.07.18"]

1. Nf3 Nf6 2. g3 d5 3. Bg2 g6 4. d3 Bg7 5. Nbd2 O-O 6. c4 c6 7. Qc2 a5 8.
O-O Re8 9. b3 e5 10. e4 d4 11. a3 c5 12. Bb2 Nc6 13. Rae1 Bd7 14. h3 Nh5
15. Bc1 f5 16. exf5 gxf5 17. Qd1 Nf6 18. Nh4 Qc8 19. Kh2 Nd8 20. Ndf3 Nf7
21. Ng5 Nd6 22. a4 Ra6 23. Ngf3 e4 24. Ng1 Nf7 25. Ne2 Bc6 26. Nf4 exd3 27.
Rxe8+ Nxe8 28. Bxc6 bxc6 29. Qxd3 Ned6 30. Ba3 Ne5 31. Qe2 Qb8 32. Bxc5 Ne4
33. Bxd4 c5 34. Nxf5 Nd2 35. Bxc5 Nxf1+ 36. Qxf1 Qxb3 37. Nxg7 Kxg7 38. Bd4
Kf7 39. Bxe5 Rc6 40. Qe2 Kf8 41. c5 Qf7 42. Qb5 Rc8 43. c6 Qa2 44. Bd4 Re8
45. Qc5+ 1-0

[Event "Politiken Cup"]
[Site "Helsingor DEN"]
[Date "2009.07.22"]
[Round "6"]
[White "Thomassen,J"]
[Black "Korley,K"]
[Result "1-0"]
[WhiteElo "2300"]
[BlackElo "2143"]
[EventDate "2009.07.18"]

1. e4 e5 2. Nf3 Nc6 3. Bb5 a6 4. Ba4 Nf6 5. O-O Be7 6. Re1 b5 7. Bb3 O-O 8.
a4 b4 9. d4 Nxd4 10. Nxd4 exd4 11. e5 Ne8 12. Qxd4 Rb8 13. Bf4 d6 14. Nd2
dxe5 15. Qxd8 Bxd8 16. Bxe5 Nd6 17. Ne4 Nb7 18. Rad1 Bf5 19. Ng3 Bg6 20. f4
Nc5 21. f5 Nxb3 22. fxg6 Nc5 23. gxh7+ Kxh7 24. b3 Ne6 25. Rd7 Rb6 26. Nf5
Rc6 27. Re2 Nc5 28. Rd5 Ne6 29. Rd3 Kg6 30. Nxg7 Nxg7 31. Rg3+ Bg5 32. Bxg7
Rd8 33. h4 Rd1+ 34. Kh2 Kxg7 35. Rxg5+ Kf8 36. Rg4 Rc1 37. Rxb4 R1xc2 38.
Rxc2 Rxc2 39. Rc4 Rb2 40. b4 Kg7 41. Kh3 Rb3+ 42. g3 Kf8 43. Kg4 Ra3 44. a5
Ra4 45. Kh3 Kg7 46. Rxc7 Rxb4 47. Ra7 Ra4 48. Rxa6 f6 49. Ra8 f5 50. Kg2 f4
51. g4 Ra3 52. a6 Rg3+ 53. Kf2 Ra3 54. a7 Kh7 55. h5 Kg7 56. g5 Kh7 57. g6+
Kg7 58. h6+ 1-0

[Event "Politiken Cup"]
[Site "Helsingor DEN"]
[Date "2009.07.22"]
[Round "6"]
[White "Christensen,St"]
[Black "Bratholm,P"]
[Result "1/2-1/2"]
[WhiteElo "2283"]
[BlackElo "2098"]
[EventDate "2009.07.18"]

1. e4 e6 2. d4 d5 3. Nc3 Bb4 4. e5 c5 5. a3 Bxc3+ 6. bxc3 Ne7 7. Qg4 O-O 8.
Bd3 f5 9. exf6 Rxf6 10. Bg5 Rf7 11. Qh5 g6 12. Qd1 Nbc6 13. Nf3 Qf8 14. O-O
c4 15. Be2 h6 16. Bc1 Qg7 17. Qd2 Kh7 18. a4 Bd7 19. Ba3 Rd8 20. Bd6 Bc8
21. Bg3 Nf5 22. Bf4 Rdf8 23. Ne5 Nxe5 24. Bxe5 Qg8 25. f4 Ne7 26. Bg4 Nc6
27. Bd6 Rd8 28. Ba3 Ne7 29. Bxe7 Rxe7 30. Rae1 Ree8 31. Re5 Rd6 32. Rfe1
Rf8 33. Qe3 Rf6 34. Bh3 Qf7 35. g3 Ra6 36. Bg2 Rf5 37. Bh3 Rf6 38. Bg2 Rf5
39. Bh3 1/2-1/2

[Event "Politiken Cup"]
[Site "Helsingor DEN"]
[Date "2009.07.22"]
[Round "6"]
[White "Krumm,J"]
[Black "Christensen,Bo"]
[Result "0-1"]
[WhiteElo "2022"]
[BlackElo "2277"]
[EventDate "2009.07.18"]

1. e4 c5 2. Nf3 Nc6 3. c3 d5 4. exd5 Qxd5 5. d4 Bg4 6. Be2 e6 7. dxc5 Qxd1+
8. Bxd1 Bxc5 9. Bf4 Nf6 10. Nbd2 O-O 11. h3 Bf5 12. O-O Rfd8 13. Nb3 Bb6
14. Ne5 Nd5 15. Nxc6 bxc6 16. Bg3 a5 17. c4 a4 18. c5 Ba7 19. Nd4 Bxc5 20.
Nxc6 Rdc8 21. Ne5 Bd4 22. Bh5 f6 23. Nf7 Bxb2 24. Rad1 Bc2 25. Nd6 g6 26.
Rxd5 exd5 27. Bf3 Be4 28. Nxe4 dxe4 29. Bxe4 Ra7 30. Bf4 Rd7 31. Bh6 Rd4
32. Bf3 g5 33. g3 Rc1 34. Rxc1 Bxc1 35. Bg4 Kf7 36. Bh5+ Ke7 37. Kf1 Rd2
38. h4 Rxa2 39. hxg5 fxg5 40. f4 gxf4 41. Bg5+ Kd6 42. gxf4 a3 43. Bh6 Rh2
44. Bf8+ Kc7 45. Bf7 a2 46. Bg7 Bb2 47. Bxa2 Bxg7 0-1

[Event "Politiken Cup"]
[Site "Helsingor DEN"]
[Date "2009.07.22"]
[Round "6"]
[White "Agrest,S"]
[Black "Svane,R"]
[Result "0-1"]
[WhiteElo "2260"]
[BlackElo "2080"]
[EventDate "2009.07.18"]

1. e4 e5 2. Nf3 Nf6 3. Nc3 Nc6 4. Bb5 Bd6 5. O-O O-O 6. d3 h6 7. Ne2 Re8 8.
c3 Bf8 9. Ng3 d6 10. h3 a6 11. Ba4 Be6 12. Qe2 Qd7 13. Bb3 d5 14. Rd1 Rad8
15. Nh4 g6 16. Qf3 Qe7 17. Be3 Bg7 18. Qe2 dxe4 19. dxe4 Bxb3 20. axb3
Rxd1+ 21. Rxd1 Rd8 22. b4 Rxd1+ 23. Qxd1 Qd7 24. Qe2 b5 25. Nf3 Qe6 26. Ne1
Nd7 27. Nf1 Bf8 28. Nh2 Nb6 29. Bxb6 cxb6 30. Nf1 Qc4 31. Qc2 a5 32. Ne3
Qe6 33. bxa5 bxa5 34. Nd5 b4 35. Nd3 bxc3 36. bxc3 f5 37. f3 Ne7 38. Qa2
Nxd5 39. exd5 Qb6+ 40. Kh1 Bd6 41. Qb2 Qa6 42. Qd2 e4 43. Qxh6 Bf8 44. Qf4
exd3 45. c4 a4 46. Qd4 a3 0-1

[Event "Politiken Cup"]
[Site "Helsingor DEN"]
[Date "2009.07.22"]
[Round "6"]
[White "Algra,J"]
[Black "Skovgaard,Pe2"]
[Result "0-1"]
[WhiteElo "2123"]
[BlackElo "2258"]
[EventDate "2009.07.18"]

1. d4 Nf6 2. Bf4 g6 3. Nf3 Bg7 4. h3 d6 5. e3 O-O 6. Be2 Nfd7 7. O-O e5 8.
Bh2 Nc6 9. c4 f5 10. Nc3 e4 11. Nd2 Nf6 12. Rb1 Kh8 13. b4 g5 14. Qc2 g4
15. hxg4 Nxg4 16. Bxg4 fxg4 17. Ndxe4 Bf5 18. Qd2 Qe8 19. f3 Qg6 20. Kh1
Rae8 21. Rb3 Bxe4 22. Nxe4 Rxe4 0-1

[Event "Politiken Cup"]
[Site "Helsingor DEN"]
[Date "2009.07.22"]
[Round "6"]
[White "Hess,C1"]
[Black "Ottosen,P"]
[Result "1/2-1/2"]
[WhiteElo "2257"]
[BlackElo "2087"]
[EventDate "2009.07.18"]

1. c4 c6 2. e4 d5 3. exd5 cxd5 4. d4 Nf6 5. Nc3 Nc6 6. cxd5 Nxd5 7. Bc4 e6
8. Nf3 Bb4 9. Qc2 Nb6 10. Bb5 O-O 11. Be3 Bd7 12. O-O Rc8 13. Bd3 h6 14.
Qd2 f5 15. a3 Bd6 16. Bf4 Be7 17. Bb1 Na5 18. Ba2 Nac4 19. Qe2 Bf6 20. Be5
Bxe5 21. Nxe5 Nxe5 22. Qxe5 Qf6 23. Qxf6 Rxf6 24. Rfe1 Nc4 25. d5 Kf8 26.
Bxc4 Rxc4 27. dxe6 Rxe6 28. Rxe6 1/2-1/2